000 00278nam a2200133Ia 4500
008 240624s9999 xx 000 0 und d
041 _aeng
082 _a516 ANT
100 _aANTON HOWARD
245 _aCALCULUS
250 _a(10th ed.)
260 _bWiley
365 _cRS
_b33
999 _c26475
_d26475